[Event "Helsinki"]
[Site "Helsinki"]
[Date "1983.??.??"]
[Round "7"]
[White "Binham, Timothy F"]
[Black "Hurme, Harri M"]
[Result "1-0"]
[WhiteElo "2360"]
[BlackElo "2355"]

1.d4 Nf6 2.Nf3 d5 3.c4 e6 4.Nc3 Be7 5.Bf4 O-O 6.e3 c5 7.dxc5 Bxc5 8.Qc2 Nc6
9.Rd1 Qa5 10.a3 Be7 11.Rd2 Re8 12.cxd5 Nxd5 13.Nxd5 exd5 14.Bd3 h6 15.O-O Bf6
16.Rfd1 Be6 17.Qb3 Re7 18.Bb1 Rd7 19.Qd3 Kf8 20.b4 Qb6 21.h3 g5 22.Bg3 a6
23.Nd4 Ne5 24.Qh7 Nc4 25.Nxe6+ Qxe6 26.Bf5 Qe7 27.Rxd5 Rxd5 28.Rxd5 Rd8 29.Qxh6+ Bg7
30.Rxd8+ Qxd8 31.Qh5 Nxa3 32.Qf3 Qe7 33.Bc8 b5 34.Qc6 Be5 35.Bxe5 Qxe5 36.Bxa6 Ke7
37.g3 f5 38.Kg2 f4 39.exf4 gxf4 40.g4 Qg5 41.Kf3  1-0

[Event "Indonesia"]
[Site "Indonesia"]
[Date "1983.??.??"]
[Round "15"]
[White "Henley, Ron W"]
[Black "Andersson, Ulf"]
[Result "1/2-1/2"]
[WhiteElo "2525"]
[BlackElo "2640"]

1.d4 Nf6 2.Nf3 d5 3.c4 e6 4.Nc3 Be7 5.Bf4 O-O 6.e3 Nbd7 7.h3 c5 8.cxd5 Nxd5
9.Nxd5 exd5 10.dxc5 Nxc5 11.Be2  1/2-1/2

[Event "URS-ch sf"]
[Site "Irkutsk"]
[Date "1983.??.??"]
[Round "?"]
[White "Bykhovsky, Avigdor"]
[Black "Kharitonov, Andrei Y"]
[Result "1/2-1/2"]
[WhiteElo "2445"]
[BlackElo "2430"]

1.d4 Nf6 2.c4 e6 3.Nf3 d5 4.Nc3 Be7 5.Bf4 O-O 6.e3 c5 7.dxc5 Bxc5 8.Qc2 Nc6
9.a3 Qa5 10.Rd1 Be7 11.Nd2 e5 12.Bg5 d4 13.Nb3 Qd8 14.Be2 a5 15.Na4 Ng4 16.Bxe7 Qxe7
17.h3 Nh6 18.exd4 exd4 19.O-O Qg5 20.Qd2 Qg6 21.Kh1 Bf5 22.Nxd4 Nxd4 23.Qxd4 Bxh3
24.gxh3 Qc6+ 25.Kh2 Qxa4 26.Rg1 g6 27.Bf3 Rac8 28.Bd5 Nf5 29.Qe4 Ng7 30.Rc1 Qd7
31.Rge1 Rfe8 32.Qf4  1/2-1/2

[Event "URS-ch sf"]
[Site "Irkutsk"]
[Date "1983.??.??"]
[Round "?"]
[White "Zilberstein, Valery I"]
[Black "Polovodin, Igor A"]
[Result "0-1"]
[WhiteElo "2400"]
[BlackElo "2435"]

1.d4 Nf6 2.c4 e6 3.Nc3 d5 4.Nf3 Be7 5.Bf4 O-O 6.e3 c5 7.dxc5 Bxc5 8.Qc2 Nc6
9.a3 Qa5 10.Rd1 Be7 11.Rd2 Rd8 12.cxd5 Nxd5 13.Nxd5 Rxd5 14.Bd3 e5 15.Bg5 e4
16.Bxe4 Rc5 17.Qb1 Rxg5 18.Nxg5 Bxg5 19.Bxh7+ Kh8 20.Be4 Be6 21.b4 Qxa3 22.O-O Qxb4
23.Rb2 Qa4 24.Bc2 Qa6 25.Bd3 Qa3 26.Rxb7 Nd8 27.Rb5 Bf6 28.Be4 Rc8 29.Bd5 Kg8
30.Bxe6 Nxe6 31.Rb3 Qc5 32.Rb5 Qa3 33.Rb3 Qa4 34.Rb4 Qc2 35.Rb8 Qc6 36.Rxc8+ Qxc8
37.Rc1 Nc5 38.Qb5 Be7 39.h4 Qc7 40.h5 Bf8 41.Qe8 Qd6 42.Qa8 a5 43.g4 Qb6
44.Kg2 Qb4 45.Kg3 Ne4+  0-1

[Event "URS-ch sf"]
[Site "Irkutsk"]
[Date "1983.??.??"]
[Round "?"]
[White "Zilberstein, Valery I"]
[Black "Pigusov, Evgeny"]
[Result "1/2-1/2"]
[WhiteElo "2400"]
[BlackElo "2430"]

1.d4 Nf6 2.c4 e6 3.Nc3 d5 4.Nf3 Be7 5.Bf4 O-O 6.e3 b6 7.cxd5 Nxd5 8.Nxd5 Qxd5
9.Bd3 Ba6 10.O-O c5 11.Bxa6 Nxa6 12.Qe2 Qb7 13.Rfd1 Rfd8 14.e4 cxd4 15.Nxd4 Nc5
16.f3 a6 17.Rac1 Rac8 18.Be3 Na4 19.Rc2 Rxc2 20.Qxc2 b5 21.Rc1 Bc5 22.Qf2 b4
23.Nc2 Bf8 24.Na1 Rd3 25.Nb3 Nxb2 26.Qxb2 Rxe3 27.Qd2 Qb6 28.Kh1 Rc3 29.Rxc3 bxc3
30.Qxc3 Qf2 31.Qa1 Bd6 32.a4 h6 33.Qd1 Be5 34.Qc1 Qa2 35.Nc5 Bd6 36.Nxa6 Qxa4
37.Nc5 Bxc5 38.Qxc5  1/2-1/2

[Event "URS-ch sf"]
[Site "Irkutsk"]
[Date "1983.??.??"]
[Round "?"]
[White "Lputian, Smbat G"]
[Black "Timoshchenko, Gennadi A"]
[Result "1/2-1/2"]
[WhiteElo "2495"]
[BlackElo "2440"]

1.d4 d5 2.c4 e6 3.Nf3 Nf6 4.Nc3 Be7 5.Bf4 O-O 6.e3 c5 7.dxc5 Bxc5 8.cxd5 Nxd5
9.Nxd5 exd5 10.Bd3 Bb4+ 11.Nd2 Nc6 12.O-O Be7 13.Nb3 Bf6 14.Qd2 Be6 15.Rac1 Rc8
16.Nc5 Qe7 17.Rc2 Ne5 18.Nxe6 Qxe6 19.Bxe5 Bxe5 20.Rfc1 Rxc2 21.Qxc2 g6 22.g3 Qb6
23.Be2 Rd8 24.b3 Qa5 25.Bf3 Kg7 26.a4 d4 27.exd4 Rxd4 28.Qc5 Qxc5 29.Rxc5 Bd6
30.Ra5 Rd3 31.Kg2 Bb8 32.Rb5 b6 33.a5 Rd2 34.axb6  1/2-1/2

[Event "DSV-Tunier"]
[Site "Leipzig"]
[Date "1983.??.??"]
[Round "?"]
[White "Uhlmann, Wolfgang"]
[Black "Boensch, Uwe"]
[Result "1-0"]
[WhiteElo "2505"]
[BlackElo "2450"]

1.c4 e6 2.Nc3 d5 3.d4 Be7 4.Nf3 Nf6 5.Bf4 O-O 6.e3 b6 7.cxd5 exd5 8.Bd3 Bb7
9.O-O a6 10.Rc1 Bd6 11.Ne5 Re8 12.Qf3 Nbd7 13.Nxd7 Qxd7 14.Rfd1 c5 15.Bxd6 Qxd6
16.dxc5 bxc5 17.Bc4 Re5 18.Rd2 Rb8 19.Rcd1 d4 20.Qg3 Nh5 21.Qh4 Qg6 22.Bf1 Rg5
23.f4 Rg4 24.Qe7 Bf3 25.Qxc5 Bxd1 26.Qxd4 Rf8 27.Nxd1 Qh6 28.Nf2 Rg6 29.Ne4 Rc6
30.Bc4 Qg6 31.Ng5 Qb1+ 32.Rd1 Qf5 33.Bd3 Qc8 34.Bxh7+ Kh8 35.Be4 Rc1 36.Bd5 Kg8
37.Nxf7 Qc2 38.Ne5+ Kh8 39.Ng6+  1-0

[Event "Lugano op"]
[Site "Lugano"]
[Date "1983.??.??"]
[Round "8"]
[White "Adorjan, Andras"]
[Black "Behling, Robert"]
[Result "1-0"]
[WhiteElo "2530"]
[BlackElo "2340"]

1.c4 e6 2.Nc3 d5 3.d4 Nf6 4.Nf3 Be7 5.Bf4 O-O 6.e3 c5 7.dxc5 Bxc5 8.a3 dxc4
9.Qc2 Nd5 10.O-O-O Qa5 11.Nxd5 exd5 12.Ng5 g6 13.Rxd5 Bxe3+ 14.fxe3 Qxd5
15.Bxc4 Qf5 16.Qc3 Nc6 17.g4 Qa5 18.b4 Qd8 19.Ne4 Re8 20.Nf6+ Kf8 21.Nxh7+ Ke7
22.Rd1  1-0

[Event "New York"]
[Site "New York"]
[Date "1983.??.??"]
[Round "8"]
[White "Gurevich, Dmitry"]
[Black "Frias, Victor J"]
[Result "1-0"]
[WhiteElo "2470"]
[BlackElo "2440"]

1.Nf3 Nf6 2.c4 e6 3.Nc3 d5 4.d4 Be7 5.Bf4 O-O 6.e3 c5 7.dxc5 Bxc5 8.Be2 Nc6
9.cxd5 Nxd5 10.Nxd5 exd5 11.O-O d4 12.Rc1 Bb6 13.exd4 Nxd4 14.Nxd4 Bxd4 15.b3 Qf6
16.Bc7 Bb2 17.Rc2 Bf5 18.Bd3 Rac8 19.Qf3 Bg6 20.Qxf6 Bxf6 21.Bxg6 fxg6 22.g3 Rf7
23.Rfc1 Bd4 24.Bf4 Rxc2 25.Rxc2 Rd7 26.Rd2 Rd8 27.Bg5 Rd6 28.Be3 Bc5 29.Rxd6 Bxd6
30.Bxa7 Kf7 31.Bd4 Bf8 32.Kg2 Ke6 33.Kf3 Kd5 34.Bc3 g5 35.g4 g6 36.Ke2 Bd6
37.h3 Ke4 38.a4 h5 39.f3+ Kf4 40.Be1 Be7 41.b4 Bf8 42.Kf2 Ke5 43.Ke3 Kd5
44.Kd3 Bd6 45.Bd2 Be7 46.b5 Bf6 47.Bb4 b6 48.Bc3 Be7 49.Bd4 Bd8 50.Be3 Ke5
51.Kc4 hxg4 52.hxg4 Ke6 53.Bd4 Bc7 54.Bf2 Bd8 55.Bg3  1-0

[Event "EU-chT Plovdiv"]
[Site "Plovdiv"]
[Date "1983.??.??"]
[Round "5"]
[White "Adorjan, Andras"]
[Black "Van der Sterren, Paul"]
[Result "1-0"]
[WhiteElo "2530"]
[BlackElo "2460"]

1.c4 e6 2.Nc3 d5 3.d4 Nf6 4.Nf3 Be7 5.Bf4 O-O 6.e3 c5 7.dxc5 Bxc5 8.a3 Nc6
9.Be2 dxc4 10.Qc2 Bd7 11.Rd1 Be7 12.Bxc4 Qa5 13.O-O Rfd8 14.Qb3 Be8 15.Nb5 Rac8
16.Nd6 Bxd6 17.Bxd6 Ne4 18.Bxe6 Nxd6 19.Bxc8 Nxc8 20.Qxb7 Nd6 21.Qb3 Ne7
22.Rd4 Qc7 23.Rfd1 Rb8 24.Qd3 Nec8 25.Ng5 g6 26.Ne4 Nxe4 27.Qxe4 Nb6 28.Qd3 Qe5
29.Rd8 Rxd8 30.Qxd8 Nc4 31.Qa8 Nxb2 32.Rd4 Nc4 33.h4 Nd6 34.Qb8 Nc4 35.Qa8 Nd6
36.h5 Kg7 37.Qb8 Nc4 38.Qb4 Nb6 39.h6+ Kxh6 40.Qf8+ Kh5 41.g4+ Kh4 42.Qh6+  1-0

[Event "EU-chT Plovdiv"]
[Site "Plovdiv"]
[Date "1983.??.??"]
[Round "6"]
[White "Miles, Anthony J"]
[Black "Karpov, Anatoly"]
[Result "1/2-1/2"]
[WhiteElo "2585"]
[BlackElo "2710"]

1.Nf3 Nf6 2.c4 e6 3.Nc3 d5 4.d4 Be7 5.Bf4 O-O 6.e3 c5 7.dxc5 Bxc5 8.Qc2 Nc6
9.Rd1 Qa5 10.a3 Be7 11.Rd2 Rd8 12.cxd5 exd5 13.Be2 Bg4 14.O-O Bxf3 15.Bxf3 d4  1/2-1/2

[Event "Rubinstein mem"]
[Site "Polanica Zdroj"]
[Date "1983.??.??"]
[Round "6"]
[White "Szymczak, Zbigniew"]
[Black "Abramovic, Bosko"]
[Result "1/2-1/2"]
[WhiteElo "2420"]
[BlackElo "2480"]

1.d4 Nf6 2.c4 e6 3.Nf3 d5 4.Nc3 Be7 5.Bf4 O-O 6.e3 c5 7.dxc5 Bxc5 8.a3 Nc6
9.Be2 Be7 10.Ne5 Bd6 11.Nxc6 bxc6 12.Bxd6 Qxd6 13.O-O Rd8 14.Rc1 Bd7 15.Na4 Rab8
16.b4 e5 17.Nc5 Bf5 18.Qa4 d4 19.Rfd1 a5 20.Bf3 axb4 21.axb4 Bg4 22.Bxg4 Nxg4
23.h3 Nf6 24.Rd3 Nd7 25.exd4 exd4 26.Nxd7 Rxb4 27.Rxd4 Qxd4 28.Qxb4 Rxd7
29.Re1 Rd8 30.Qe7 g6 31.Qc7 Rd6 32.Re8+ Kg7 33.Qe7 Qf4 34.Qf8+ Kf6 35.Qe7+ Kg7  1/2-1/2

[Event "Prague"]
[Site "Prague"]
[Date "1983.??.??"]
[Round "2"]
[White "Meduna, Eduard"]
[Black "Abramovic, Bosko"]
[Result "1/2-1/2"]
[WhiteElo "2475"]
[BlackElo "2475"]

1.d4 d5 2.c4 e6 3.Nf3 Nf6 4.Nc3 Be7 5.Bf4 O-O 6.e3 c5 7.dxc5 Bxc5 8.cxd5 Nxd5
9.Nxd5 exd5 10.a3 Nc6 11.Be2 Bb6 12.b4 a6 13.O-O Re8 14.Qc2 Qf6 15.Rad1 d4
16.Bg5 Qg6 17.Qxg6 hxg6 18.Bc4 dxe3 19.Bxe3 Bxe3 20.fxe3 Be6 21.Bxe6 Rxe6
22.Kf2  1/2-1/2

[Event "Tatran Cup"]
[Site "Stary Smokovec"]
[Date "1983.??.??"]
[Round "6"]
[White "Cvetkovic, Srdjan"]
[Black "Plachetka, Jan"]
[Result "1/2-1/2"]
[WhiteElo "2410"]
[BlackElo "2465"]

1.c4 e6 2.Nf3 d5 3.d4 Nf6 4.Nc3 Be7 5.Bf4 O-O 6.e3 c5 7.dxc5 Bxc5 8.Qc2 Nc6
9.Rd1 Qa5 10.a3 Be7 11.Nd2 e5 12.Bg5 d4 13.Nb3 Qd8  1/2-1/2

[Event "SWE-ch"]
[Site "?"]
[Date "1983.??.??"]
[Round "?"]
[White "Cramling, Dan"]
[Black "Schussler, Harry"]
[Result "0-1"]
[WhiteElo "2415"]
[BlackElo "2485"]

1.c4 e6 2.Nc3 d5 3.d4 Be7 4.Nf3 Nf6 5.Bf4 O-O 6.e3 c5 7.dxc5 Bxc5 8.cxd5 Nxd5
9.Nxd5 exd5 10.a3 Nc6 11.Be2 Qf6 12.Qc2 Bb6 13.Bg5 Ba5+ 14.Kf1 Qd6 15.Rd1 Be6
16.Bf4 Qe7 17.Ng5 g6 18.Nxe6 fxe6 19.h4 Bc7 20.Bh6 Rf7 21.Bg5 Qd6 22.Kg1 Qe5
23.Rh3 Bb6 24.Rg3 Kh8 25.Bf4 Qf6 26.Bb5 Rc8 27.Rg5 Bc7 28.Bxc7 Rcxc7 29.Qd2 Ne7
30.Bd3 Rf8 31.Rg4 Qe5 32.Bb1 Rfc8 33.Qd4 Qxd4 34.Rgxd4 Nf5 35.Bxf5 gxf5 36.Kf1 Kg7
37.Ke2 Kf6 38.R1d2 Rc1 39.g3 Rb1 40.Rb4 b6 41.Rb3 Ke5 42.Rb4 h5 43.Kf3 Rcc1
44.Ke2 Kd6 45.Rb3 e5 46.Rb5 Rc5 47.Rd1 Rxd1 48.Rxc5 bxc5 49.Kxd1 d4 50.b4 cxb4
51.axb4 dxe3 52.fxe3 Kd5 53.Kd2 Kc4 54.e4 fxe4 55.g4 hxg4 56.h5 g3 57.Ke2 g2
58.Kf2 e3+ 59.Kxg2 Kd3 60.h6 e2 61.h7 e1=Q 62.h8=Q Qxb4 63.Qh3+ Kd2 64.Qh6+ Qf4
65.Qd6+ Qd4 66.Qh6+ Qe3 67.Qd6+ Ke1 68.Qb8 Qe4+ 69.Kg1 a5 70.Qb3 a4 71.Qc3+ Ke2
72.Qb2+ Kf3 73.Qf2+ Kg4 74.Qa2 Kg3  0-1

[Event "URS-FL"]
[Site "Tallinn"]
[Date "1983.??.??"]
[Round "?"]
[White "Kharitonov, Andrei Y"]
[Black "Polovodin, Igor A"]
[Result "1/2-1/2"]
[WhiteElo "2440"]
[BlackElo "2450"]

1.Nf3 Nf6 2.c4 e6 3.d4 d5 4.Nc3 Be7 5.Bf4 O-O 6.e3 c5 7.dxc5 Bxc5 8.Qc2 Nc6
9.Rd1 Qa5 10.a3 Be7 11.Nd2 e5 12.Bg5 d4 13.Nb3 Qd8 14.Be2 a5 15.Na4 h6 16.Bh4 Bd7
17.Nbc5 Bc8 18.Nb3 Bd7 19.Nbc5 Bc8 20.Nb3 Bd7  1/2-1/2

[Event "Tbilisi"]
[Site "Tbilisi"]
[Date "1983.??.??"]
[Round "?"]
[White "Foisor, Ovidiu"]
[Black "Oll, Lembit"]
[Result "1/2-1/2"]
[WhiteElo "2460"]
[BlackElo "2445"]

1.d4 Nf6 2.Nf3 e6 3.c4 d5 4.Nc3 Be7 5.Bf4 O-O 6.e3 c5 7.dxc5 Bxc5 8.cxd5 Nxd5
9.Nxd5 exd5 10.Bd3 Bb4+ 11.Ke2 Nc6 12.Qc2 g6 13.Rhd1 Bg4 14.Kf1 Bxf3 15.gxf3 Qf6
16.Kg2 Nd4 17.Qa4 Bc5 18.Rac1 Ne6 19.Bg3 d4 20.exd4 Bxd4 21.Be4 Rad8 22.Rc2 Nc5  1/2-1/2

[Event "Tilburg"]
[Site "Tilburg"]
[Date "1983.??.??"]
[Round "?"]
[White "Huebner, Robert"]
[Black "Karpov, Anatoly"]
[Result "1/2-1/2"]
[WhiteElo "2620"]
[BlackElo "2710"]

1.c4 e6 2.Nc3 d5 3.d4 Nf6 4.Nf3 Be7 5.Bf4 O-O 6.e3 c5 7.dxc5 Bxc5 8.cxd5 Nxd5
9.Nxd5 exd5 10.a3 Nc6 11.Bd3 Bb6 12.O-O Bg4 13.h3 Bh5 14.Be2 Bxf3 15.Bxf3 d4
16.exd4 Bxd4 17.Qd2 Qb6 18.Rad1 Rad8 19.b4 Bf6 20.Qa2 Nd4 21.Be4 Qb5 22.Kh1 Ne2
23.a4 Qh5 24.Bf3 Qf5 25.Rxd8 Rxd8 26.Bc7 Nc3 27.Qc4 Qd3 28.Qxd3 Rxd3 29.Bb8 Rd4
30.Re1 h6 31.Bxa7 Rxb4 32.a5 Rb5 33.Bb6 Na4 34.Re8+ Kh7 35.Rf8 Nxb6 36.Be4+ g6
37.Rxf7+ Bg7 38.axb6 Rxb6 39.Kg1 h5 40.Bxb7 h4 41.Be4 Rf6 42.Rc7 Kh6 43.Kf1 Rf4
44.Rc4  1/2-1/2

[Event "Trnava"]
[Site "Trnava"]
[Date "1983.??.??"]
[Round "?"]
[White "Ornstein, Axel"]
[Black "Plachetka, Jan"]
[Result "1/2-1/2"]
[WhiteElo "2450"]
[BlackElo "2455"]

1.d4 Nf6 2.c4 e6 3.Nf3 d5 4.Nc3 Be7 5.Bf4 O-O 6.e3 c5 7.dxc5 Bxc5 8.Qc2 Nc6
9.Rd1 Qa5 10.a3 Be7 11.Nd2 e5 12.Bg5 d4  1/2-1/2

[Event "Vrsac"]
[Site "Vrsac"]
[Date "1983.??.??"]
[Round "?"]
[White "Rajkovic, Dusan"]
[Black "Kapelan, Milorad"]
[Result "1-0"]
[WhiteElo "2500"]
[BlackElo "2300"]

1.d4 d5 2.c4 e6 3.Nc3 Be7 4.Nf3 Nf6 5.Bf4 O-O 6.e3 b6 7.Rc1 Bb7 8.cxd5 Nxd5
9.Bg3 c5 10.Bd3 Nd7 11.O-O N7f6 12.Re1 Nxc3 13.bxc3 Be4 14.Ba6 Qd5 15.Ne5 cxd4
16.f3 Qa5 17.fxe4 Qxa6 18.exd4 Qb7 19.Bh4 Rac8 20.Qf3 Ne8 21.Bf2 Bd6 22.Nd3 Qa6
23.Re2 Ba3 24.Rcc2 Nd6 25.e5 Nc4 26.Bh4 Qb5 27.Nf4 Qb1+ 28.Kf2 Bc1 29.Nh5 Bh6
30.Qe4 g6 31.Re1 Qb5 32.Nf6+ Kh8 33.Ng4 Bg7 34.Bf6 Bxf6 35.Nxf6 Kg7 36.Kg1 Nd6
37.Qh4 h6 38.exd6 Qd3 39.Rf2 Qxc3 40.Ref1 Qe3 41.Nd7  1-0

[Event "Warsaw"]
[Site "Warsaw"]
[Date "1983.??.??"]
[Round "10"]
[White "Foisor, Ovidiu"]
[Black "Boensch, Uwe"]
[Result "1/2-1/2"]
[WhiteElo "2430"]
[BlackElo "2450"]

1.d4 Nf6 2.c4 e6 3.Nf3 d5 4.Nc3 Be7 5.Bf4 O-O 6.e3 b6 7.cxd5 exd5 8.Bd3 Bb7
9.O-O Nh5 10.Be5 Nd7 11.Qa4 c6 12.Rac1 Nxe5 13.dxe5 g6 14.Nd4 b5 15.Qd1 a6
16.f4 Ng7 17.f5 Bg5 18.Qe2 c5 19.Nf3 gxf5 20.Nxg5 Qxg5 21.Rf3 Qe7 22.Rcf1 f6
23.exf6 Rxf6 24.Bxf5 Nxf5 25.Rxf5 Raf8 26.Rxf6 Rxf6 27.Rxf6 Qxf6 28.Qd2 d4
29.exd4 Qxd4+ 30.Qxd4 cxd4 31.Nb1 Kf7 32.a3 Ke6 33.Kf2 Ke5 34.Nd2 Bc8 35.Kf3 Bf5
36.g3 Be6 37.Ke2 Bg4+ 38.Kd3 Kd5 39.Nb3 Bf5+ 40.Ke2 Bc2 41.Nd2 Bf5 42.Kf3 Ke5  1/2-1/2

[Event "ARM-chJ"]
[Site "Yerevan"]
[Date "1983.??.??"]
[Round "5"]
[White "Dementiev, Oleg I"]
[Black "Tavadian, Ragik"]
[Result "0-1"]
[WhiteElo "2490"]
[BlackElo "2260"]

1.d4 d5 2.c4 e6 3.Nc3 Nf6 4.Nf3 Be7 5.Bf4 O-O 6.e3 c5 7.dxc5 Bxc5 8.cxd5 Nxd5
9.Bd3 Nxf4 10.exf4 Nd7 11.O-O Nf6 12.Ne5 Bd4 13.Rc1 Bxc3 14.Rxc3 b6 15.Qc2 Bb7
16.Rd1 Bd5 17.Ba6 Qd6 18.a3 Rad8 19.b4 Qb8 20.Rc1 Qd6 21.Qe2 Ba8 22.Rd3 Qb8
23.Rh3 Rd4 24.Rhc3 Nd5 25.Rc8 Nxf4 26.Rxf8+ Kxf8 27.Qe3 Qd8 28.f3 Rd1+ 29.Rxd1 Qxd1+
30.Bf1 Nd5 31.Qe4 Qc1 32.Nc4 b5 33.Nd6 Bc6 34.Kf2 Qxa3 35.Bxb5 Qxb4 36.Bxc6 Qc5+
37.Ke1 Qxc6 38.Nc4 Qc5  0-1

[Event "Yerevan op"]
[Site "Yerevan"]
[Date "1983.??.??"]
[Round "7"]
[White "Nikitin, Aleksander S"]
[Black "Baikov, Vladimir A"]
[Result "1/2-1/2"]
[WhiteElo "2200"]
[BlackElo "2380"]

1.d4 d5 2.c4 e6 3.Nc3 Be7 4.Nf3 Nf6 5.Bf4 O-O 6.e3 b6 7.Be2 Bb7 8.cxd5 Nxd5
9.Nxd5 Bxd5 10.O-O Nd7 11.Ne5 Nxe5 12.Bxe5 Bd6 13.Bxd6 cxd6 14.Bf3  1/2-1/2

[Event "Aars"]
[Site "Aars"]
[Date "1984.??.??"]
[Round "6"]
[White "Johansen, Kai Roger"]
[Black "Christensen, Bent"]
[Result "0-1"]
[WhiteElo "2200"]
[BlackElo "2200"]

1.c4 Nf6 2.d4 e6 3.Nc3 d5 4.Nf3 Be7 5.Bf4 O-O 6.e3 a6 7.Be2 dxc4 8.Bxc4 b5
9.Be2 Bb7 10.O-O Nbd7 11.a3 Nh5 12.b4 Nxf4 13.exf4 Nf6 14.Qc2 Nd5 15.g3 Nxc3
16.Qxc3 Bd5 17.Ne5 Bd6 18.Nc6 Qd7 19.Rac1 Bxc6 20.Qxc6 Qxc6 21.Rxc6 Rfb8
22.Rb1 a5 23.Bf3 axb4 24.axb4 Ra3 25.Be4 Kf8 26.d5 exd5 27.Bxd5 Rd3 28.Bg2 Rd2
29.Rc3 g6 30.Kf1 Re8 31.Bc6 Rb8 32.Kg2 Rb6 33.Kf3 Rd4 34.Be4 f5 35.Bd3 Bxb4
36.Rxb4 Rxb4 37.Rxc7 Rb3 38.Rd7  0-1

[Event "FRG-ch"]
[Site "Bad Neuenahr"]
[Date "1984.??.??"]
[Round "?"]
[White "Pachman, Ludek"]
[Black "Raupp, Thomas"]
[Result "1/2-1/2"]
[WhiteElo "2440"]
[BlackElo "2275"]

1.d4 d5 2.c4 e6 3.Nc3 Be7 4.Nf3 Nf6 5.Bf4 O-O 6.e3 c5 7.dxc5 Bxc5 8.Qc2 Nc6
9.Rd1 Qa5 10.a3 Be7 11.Rd2 Ne4 12.Nxe4 dxe4 13.Qxe4 Rd8 14.Be2 e5 15.b4 Qxa3
16.Rxd8+ Bxd8 17.O-O Qxb4 18.Nxe5 Nxe5 19.Bxe5 Qf8 20.Rd1 Be7 21.Bf3 a5 22.Qb1 a4
23.Bxb7 Bxb7 24.Qxb7 a3 25.Ra1 Ra4 26.Qb3 Qa8 27.Bd4 Rb4 28.Qc2 Qa6 29.c5 Rc4
30.Qb3 Bxc5 31.Bxc5 Rxc5 32.h3 h5 33.Qxa3 Qc4 34.Rd1 Rf5 35.Qb2 Qe6 36.Qb8+ Kh7
37.Rd8 Rd5 38.Rxd5 Qxd5 39.Qf4 g6 40.e4 Qc4 41.g3 Kg8 42.Qe3 Qc2 43.h4 Qb1+
44.Kg2 Qa2 45.Qd3 Qb2 46.Kf3 Qa1 47.Ke2 Qc1 48.Qd8+ Kg7 49.Qd4+ Kg8 50.Kf3 Qh1+
51.Kf4 Qc1+ 52.Ke5 Qc6 53.Kf4 Qc1+ 54.Kf3 Qh1+ 55.Ke2 Qc1 56.f4 Qc2+ 57.Kf3 Qb3+
58.Qe3 Qd1+ 59.Kf2 Kh7 60.Qf3 Qd2+ 61.Kg1 Kh6 62.Qf2 Qd3 63.Qe1 Qf3 64.Kh2 Kh7
65.Qh1 Qe2+ 66.Qg2 Qd3 67.e5 Qe3 68.Qa2 Kg7 69.Qb2 Kg8 70.Kg2 Qe4+ 71.Kf2 Qh1
72.Qc3 Qe4 73.Qe3 Qc2+ 74.Qe2 Qf5 75.Ke3 Qd7 76.Qa6 Qd5 77.Qa3 Kg7 78.Qd3 Qe6
79.Kd2 Qa2+ 80.Qc2 Qd5+ 81.Ke3 Qe6  1/2-1/2

[Event "Belgrade"]
[Site "Belgrade"]
[Date "1984.??.??"]
[Round "?"]
[White "Suba, Mihai"]
[Black "Mirkovic, Slobodan"]
[Result "1/2-1/2"]
[WhiteElo "2525"]
[BlackElo "2295"]

1.c4 e6 2.Nc3 d5 3.d4 Nf6 4.Nf3 Be7 5.Bf4 O-O 6.e3 c5 7.dxc5 Bxc5 8.a3 Nc6
9.Qc2 dxc4 10.Bxc4 Qe7 11.Bg5 h6 12.Bh4 a6 13.Ba2 Rd8 14.Ne4 g5 15.Nxc5 gxh4
16.Rc1 b6 17.Na4 Bb7 18.Nxb6 h3 19.gxh3 Nb4 20.Nxa8 Ne4 21.Qc4 Rd2 22.Bb1  1/2-1/2

[Event "Belgrade"]
[Site "Belgrade"]
[Date "1984.??.??"]
[Round "?"]
[White "Suba, Mihai"]
[Black "Cvetkovic, Srdjan"]
[Result "1-0"]
[WhiteElo "2525"]
[BlackElo "2420"]

1.c4 e6 2.Nc3 d5 3.d4 Nf6 4.Nf3 Be7 5.Bf4 O-O 6.e3 c5 7.dxc5 Bxc5 8.a3 Nc6
9.Qc2 Qa5 10.Nd2 Bb4 11.cxd5 e5 12.Bg3 Bxc3 13.dxc6 Bxd2+ 14.Qxd2 Qxd2+ 15.Kxd2 Ne4+
16.Ke1 Nxg3 17.hxg3 bxc6 18.Rh5 Re8 19.Kd2 a5 20.Kc3 Ba6 21.Bxa6 Rxa6 22.Rd1 g6
23.Rh4 Rb8 24.Rd6 Rab6 25.b4 axb4+ 26.Rxb4 Rxb4 27.axb4 Rb6 28.g4 h6 29.Kc4 Kg7
30.f3 h5 31.g5 Ra6 32.Rd2 Ra1 33.Rc2 Rb1 34.Kc5 Rb3 35.Rc4 Rxe3 36.Kxc6 Re2  1-0

[Event "Berlin op"]
[Site "Berlin-West"]
[Date "1984.??.??"]
[Round "8"]
[White "Johansen, Darryl K"]
[Black "Federau, Juergen"]
[Result "1-0"]
[WhiteElo "2440"]
[BlackElo "2210"]

1.d4 Nf6 2.Nf3 d5 3.c4 e6 4.Nc3 Be7 5.Bf4 O-O 6.e3 c5 7.dxc5 Bxc5 8.cxd5 exd5
9.Be2 Nc6 10.O-O a6 11.Ne5 Ne7 12.Nd3 Ba7 13.Be5 Ne4 14.Bf3 f6 15.Bd4 Bxd4
16.exd4 Nxc3 17.bxc3 Bf5 18.Re1 Re8 19.Qd2 Qd6 20.Qf4 Rad8 21.Rxe7 Rxe7 22.Qxf5 g6
23.Qf4 Qc6 24.Qd2 Kg7 25.g3 a5 26.h4 b6 27.Rc1 Qc4 28.Nf4 Rd6 29.Ng2 b5 30.Ne3 Qc6
31.c4  1-0

[Event "Alfoldi mem (Women)"]
[Site "Budapest"]
[Date "1984.??.??"]
[Round "?"]
[White "Grosch, Maria"]
[Black "Kurucsai, Istvanne"]
[Result "1/2-1/2"]
[WhiteElo "2065"]
[BlackElo "2070"]

1.d4 d5 2.Nf3 Nf6 3.c4 e6 4.Nc3 Be7 5.Bf4 O-O 6.e3 c5 7.dxc5 Bxc5 8.a3 dxc4
9.Qc2 Qa5 10.Bxc4 Bb4 11.O-O Bxc3 12.bxc3 Nc6 13.Bd6 Re8 14.e4 Ng4 15.Rab1 a6
16.h3 Nge5 17.Nxe5 Nxe5 18.Ba2 Ng6 19.f4 b5 20.c4 bxc4 21.Bxc4 Qd8 22.e5 Bd7
23.Qb3 Qh4 24.f5 Qd4+ 25.Kh1 Nxe5 26.fxe6 Bxe6 27.Bxe6 Qxd6 28.Bxf7+ Nxf7
29.Qxf7+ Kh8 30.Rb7 Qe5 31.Qc7 Qxc7  1/2-1/2

[Event "Politiken Cup"]
[Site "Copenhagen"]
[Date "1984.??.??"]
[Round "10"]
[White "Wedberg, Tom"]
[Black "De Firmian, Nick E"]
[Result "1/2-1/2"]
[WhiteElo "2495"]
[BlackElo "2515"]

1.d4 d5 2.c4 e6 3.Nf3 Nf6 4.Nc3 Be7 5.Bf4 O-O 6.e3 c5 7.dxc5 Bxc5 8.Be2 dxc4
9.Bxc4 Qxd1+ 10.Rxd1 a6 11.Bd3 Nbd7 12.Ne5 Bb4 13.O-O Bxc3 14.bxc3 Nd5 15.c4 Nxf4
16.exf4 Nc5 17.Be2 b5 18.cxb5 axb5 19.Bxb5 Rxa2 20.Rc1 Ne4 21.Rc7 Ba6 22.Bxa6 Rxa6
23.Rd1 Nf6 24.g3 g6 25.Rb1 Nd5 26.Rcb7 h5 27.Kg2 Ra2 28.Rb8 Ne3+ 29.Kg1 Ng4
30.Nxg4  1/2-1/2

[Event "FIN-ch"]
[Site "Espoo"]
[Date "1984.??.??"]
[Round "?"]
[White "Kanko, Ilkka"]
[Black "Hurme, Harri M"]
[Result "1-0"]
[WhiteElo "2275"]
[BlackElo "2350"]

1.d4 d5 2.c4 e6 3.Nc3 Nf6 4.Nf3 Be7 5.Bf4 O-O 6.e3 c5 7.dxc5 Bxc5 8.Qc2 Nc6
9.Rd1 b6 10.a3 Bb7 11.Be2 Qc8 12.cxd5 exd5 13.O-O Nd8 14.Bg5 Be7 15.Nd4 g6
16.Bh6 Re8 17.Bb5 Nc6 18.Nxd5 Nxd5 19.Nxc6 Bf6 20.Rxd5 a6 21.Ba4 Re6 22.Rc1 b5
23.Rc5 Qd7 24.Bb3 Rd6 25.Ne5 Bxe5 26.Rxe5 Rc8 27.Rc5 Rdc6 28.Qc3  1-0

[Event "FIN-ch"]
[Site "Espoo"]
[Date "1984.??.??"]
[Round "?"]
[White "Kanko, Ilkka"]
[Black "Pyhala, Antti"]
[Result "0-1"]
[WhiteElo "2275"]
[BlackElo "2260"]

1.d4 d5 2.c4 e6 3.Nc3 Nf6 4.Nf3 Be7 5.Bf4 O-O 6.e3 c5 7.dxc5 Bxc5 8.Qc2 Nc6
9.Rd1 Qa5 10.a3 Be7 11.Nd2 e5 12.Bg5 d4 13.Nb3 Qd8 14.exd4 Nxd4 15.Nxd4 exd4
16.Ne2 Re8 17.Qd3 Qc7 18.Qxd4 Bc5 19.Qf4 Ne4 20.Rd5 Bxf2+ 21.Kd1 Qxc4 22.Nc3 Nxc3+  0-1

[Event "Troll Masters"]
[Site "Gausdal"]
[Date "1984.??.??"]
[Round "1"]
[White "Tiller, Bjorn"]
[Black "Nykopp, Jan Michael F"]
[Result "1/2-1/2"]
[WhiteElo "2425"]
[BlackElo "2300"]

1.c4 e6 2.Nf3 Be7 3.Nc3 d5 4.d4 Nf6 5.Bf4 O-O 6.e3 c5 7.dxc5 Bxc5 8.Bg5 dxc4
9.Qc2 h6 10.Rd1 Nbd7 11.Bh4 Qa5 12.Bxc4 Nb6 13.Bb3 Nbd5 14.O-O Nxc3 15.bxc3 Nd5
16.Bxd5 exd5 17.Rxd5 Be6 18.Rh5 f5 19.g4 Qxa2 20.Qxa2 Bxa2 21.Rxf5 Rxf5 22.gxf5 a5
23.Ne5 a4 24.Nd7 b6 25.Nxc5 bxc5  1/2-1/2

[Event "Bundesliga 8384"]
[Site "Germany"]
[Date "1984.??.??"]
[Round "?"]
[White "Goehring, Karl Heinz"]
[Black "Eng, Holger"]
[Result "0-1"]
[WhiteElo "2355"]
[BlackElo "2280"]

1.Nf3 Nf6 2.c4 e6 3.Nc3 d5 4.d4 Be7 5.Bf4 O-O 6.e3 c5 7.dxc5 Bxc5 8.Qc2 Nc6
9.Rd1 Qe7 10.cxd5 exd5 11.Be2 Rd8 12.O-O Be6 13.Na4 Bd6 14.Bxd6 Rxd6 15.a3 Rc8
16.Qd3 Ne4 17.Rc1 Bf5 18.Nd4 Bg6 19.Nxc6 Rdxc6 20.Rxc6 bxc6 21.Qd4 c5 22.Qxd5 Rd8
23.Qc6 h6 24.Qa6 Rd2 25.Bf3 Kh7 26.Bxe4 Bxe4 27.Qc4 Bd5 28.Qxc5 Qe4 29.f3 Qxa4
30.Qc3 Qc2 31.Qxc2+ Rxc2 32.b4 Ra2 33.Rd1 Be6 34.Rd3 Kg6 35.h3 Kf6 36.Kh2 Rb2
37.Rc3 Rb3  0-1

[Event "Bundesliga 8384"]
[Site "Germany"]
[Date "1984.??.??"]
[Round "?"]
[White "Gruenberg, Rainer"]
[Black "Lobron, Eric"]
[Result "0-1"]
[WhiteElo "2270"]
[BlackElo "2520"]

1.d4 Nf6 2.c4 e6 3.Nc3 d5 4.Nf3 Be7 5.Bf4 O-O 6.e3 c5 7.dxc5 Bxc5 8.Qc2 Nc6
9.Rd1 Qa5 10.a3 Be7 11.Nd2 e5 12.Bg3 d4 13.Nb3 Qb6 14.exd4 Nxd4 15.Nxd4 exd4
16.Nb5 Bg4 17.f3 Bd7 18.Nxd4 Rad8 19.Bf2 Qa5+ 20.Qd2 Qh5 21.Qc3 Bc5 22.Be2 Rfe8
23.Rd2 Qg6 24.Kf1 Nh5 25.Bd3 Qg5 26.Be4 Nf4 27.Bg3 Ne6 28.Bf2 Nxd4 29.Bxd4 Be6
30.Rg1 g6 31.b4 Bxd4 32.Rxd4 Rxd4 33.Qxd4 Rd8 34.Qc3 Rd1+ 35.Kf2 Rd2+ 36.Kf1 Bxc4+
37.Ke1 Ra2 38.Bb1 Rb2 39.Be4 Qh4+ 40.Kd1 Qf2 41.Re1 Be6 42.Bc2 Ra2 43.Re2 Qg1+
44.Kd2 Ra1 45.Qe3 Qc1+ 46.Kd3 Rxa3+ 47.Kd4 Rxe3 48.Rxe3 Qxc2  0-1